[Event "Finland Team Ch"]
[Site "Lahti FIN"]
[Date "2018.02.03"]
[Round "8"]
[White "Tuovinen, Jukka"]
[Black "Särkiö, Lauri"]
[Result "1-0"]
[Section "I Division:B"]
[Board "5"]
[WhiteTeam "Lauttasaaren Suomalainen Shakkikerho"]
[BlackTeam "Lahden Shakki"]
[WhiteElo "1993"]
[BlackElo "2039"]

1.e4 c5 2.c3 Nf6 3.e5 Nd5 4.d4 cxd4 5.Qxd4 e6 6.Nf3 Nc6 7.Qe4 d6 8.Nbd2 dxe5
9.Nxe5 Nxe5 10.Qxe5 Qc7 11.Qxc7 Nxc7 12.Be2 Be7 13.O-O O-O 14.Bf3 Ne8 15.Nc4
Nd6 16.Nxd6 Bxd6 17.Rd1 Bc7 18.Be3 a5 19.Bc5 Rd8 20.Rxd8+ Bxd8 21.Rd1 Bc7
22.a4 Ra6 23.Be7 h6 24.Be2 Ra8 25.Bb5 Kh7 26.Bd8 Be5 27.Bb6 Bf6 28.Bd7 Ra6
29.Be3 Ra8 30.Bxc8 Rxc8 31.Bb6 Rc6 32.Bxa5 Ra6 33.Bd8 Bxd8 34.Rxd8 Rxa4 35.Kf1
Ra1+ 36.Ke2 Rb1 37.Rd2 Kg6 38.Kd3 Rh1 39.h3 Rh2 40.f3 Kg5 41.c4 Kf4 42.b4 Rh1
43.Kd4 f5 44.Kc5 Rc1 45.Rd7 b6+ 46.Kb5 e5 47.Rxg7 e4 48.fxe4 fxe4 49.Re7 Ke3
50.Re6 Kd3 51.Rd6+ Ke2 52.Rxb6 e3 53.Re6 Kf2 54.c5 e2 55.Kb6 Rc3 56.Rxe2+ Kxe2
57.c6 Kd3 58.c7 Rxc7 59.Kxc7 Kc4 60.Kd6 Kxb4 61.Ke5 1-0

[Event "Finland Team Ch"]
[Site "Lahti FIN"]
[Date "2018.02.03"]
[Round "8"]
[White "Pitkänen, Ari"]
[Black "Aakio, Seppo"]
[Result "0-1"]
[Section "I Division:B"]
[Board "6"]
[WhiteTeam "Lahden Shakki"]
[BlackTeam "Lauttasaaren Suomalainen Shakkikerho"]
[WhiteElo "1994"]
[BlackElo "1979"]

1.d4 d6 2.Bf4 c6 3.c3 Nd7 4.Nf3 Qc7 5.e4 e5 6.Bg3 Ngf6 7.Nbd2 Be7 8.h3 O-O
9.Bd3 b5 10.Nh4 Re8 11.O-O Nf8 12.Nf5 Bxf5 13.exf5 N8d7 14.Re1 Bf8 15.Bh2 d5
16.g4 h6 17.h4 Bd6 18.g5 hxg5 19.hxg5 Nh7 20.Qh5 e4 21.Bxd6 Qxd6 22.Bf1 Qf4
23.g6 fxg6 24.fxg6 Nhf6 25.Qe2 Nf8 26.Bg2 Nxg6 27.Qe3 Qd6 28.Nf1 Nf4 29.Ng3 g6
30.Ne2 N6h5 31.Ng3 Kg7 32.Nxh5+ Nxh5 33.f3 Nf6 34.fxe4 dxe4 35.Qg5 Re7 36.a4
b4 37.Rad1 Rh8 38.c4 Qh2+ 39.Kf2 Rh5 40.Rh1 Qxh1 41.Qxf6+ Kxf6 42.Bxh1 Kf5
43.Kg3 Rg5+ 44.Kf2 Kf4 45.Rf1 Rg3 46.Ke2+ Kg5 47.Rd1 Rb3 48.Rd2 Kf4 49.Ke1 Ke3
50.d5 cxd5 51.cxd5 Rd3 52.d6 Rxd2 53.dxe7 Rc2 0-1

[Event "Finland Team Ch"]
[Site "Lahti FIN"]
[Date "2018.02.03"]
[Round "8"]
[White "Nyrhinen, Harri"]
[Black "Komulainen, Lauri"]
[Result "1-0"]
[Section "I Division:B"]
[Board "7"]
[WhiteTeam "Lauttasaaren Suomalainen Shakkikerho"]
[BlackTeam "Lahden Shakki"]
[WhiteElo "1962"]
[BlackElo "1996"]

1.e4 c6 2.d4 d5 3.Nc3 dxe4 4.Nxe4 Bf5 5.Ng3 Bg6 6.Nf3 Nd7 7.h4 h6 8.h5 Bh7
9.Bd3 Bxd3 10.Qxd3 e6 11.Bd2 Ngf6 12.Qe2 Be7 13.O-O-O O-O 14.Ne5 c5 15.Nxd7
Qxd7 16.dxc5 Qa4 17.Kb1 Rfc8 18.Nf5 Bxc5 19.Rh4 Qc6 20.Ne3 Ne4 21.c3 Rd8 22.f3
Ng3 23.Qe1 Bxe3 24.Bxe3 Nf5 25.Re4 Rd7 26.Rxd7 Qxd7 27.Qd2 Qe7 28.g4 Rd8
29.Qf2 Nxe3 30.Qxe3 Rd1+ 31.Kc2 Qd6 32.Qe2 Rd5 33.a3 Qb6 34.Rb4 Qc6 35.Rc4 Qd7
36.Qe3 Qb5 37.Rc8+ Kh7 38.Qe4+ f5 39.Qxe6 Qd3+ 40.Kb3 Qb5+ 41.Ka2 1-0

[Event "Finland Team Ch"]
[Site "Lahti FIN"]
[Date "2018.02.03"]
[Round "8"]
[White "Pitkänen, Jorma"]
[Black "Kivinen, Jyrki"]
[Result "0-1"]
[Section "I Division:B"]
[Board "8"]
[WhiteTeam "Lahden Shakki"]
[BlackTeam "Lauttasaaren Suomalainen Shakkikerho"]
[WhiteElo "1934"]
[BlackElo "1999"]

1.e4 c5 2.Nf3 Nc6 3.Nc3 g6 4.Be2 Bg7 5.O-O Nf6 6.d4 cxd4 7.Nxd4 O-O 8.Be3 d5
9.exd5 Nxd5 10.Nxd5 Qxd5 11.Bf3 Qc4 12.Nxc6 bxc6 13.c3 Bf5 14.Qb3 Qa6 15.Bc5
Rfe8 16.Rfe1 e5 17.Be2 Qc8 18.Bc4 Be6 19.Bxe6 Rxe6 20.Rad1 Bf8 21.Qa3 Qb7
22.Rd2 Bxc5 23.Qxc5 Qb6 24.Qc4 Rd8 25.Red1 Rxd2 26.Rxd2 Qb5 27.Qb3 Qxb3
28.Rd8+ Kg7 29.axb3 c5 30.Ra8 Ra6 31.g3 Ra2 32.Rb8 Rxb2 33.c4 e4 34.Rb7 Kf6
35.Rxa7 Rxb3 36.Ra5 Rc3 37.Rxc5 Ke6 38.Kf1 Rc2 39.Rc7 e3 40.fxe3 Rxh2 41.e4 h5
42.Rc8 h4 43.gxh4 Rxh4 44.c5 Kd7 45.Rf8 Ke7 46.c6 Kxf8 47.c7 Rh1+ 0-1

[Event "Finland Team Ch"]
[Site "Helsinki FIN"]
[Date "2018.02.04"]
[Round "9"]
[White "Hurme, Harri"]
[Black "Vihinen, Teemu"]
[Result "0-1"]
[Section "I Division:B"]
[Board "1"]
[WhiteTeam "Lauttasaaren Suomalainen Shakkikerho"]
[BlackTeam "Etelä-Vantaan Shakki 2"]
[WhiteElo "2255"]
[BlackElo "2156"]
[WhiteTitle "FM"]

1.d4 e6 2.c4 f5 3.Nf3 Nf6 4.g3 d5 5.Bg2 Bd6 6.O-O O-O 7.b3 b6 8.Ba3 Bb7 9.Bxd6
cxd6 10.e3 Nc6 11.Nc3 Na5 12.Ng5 Qc8 13.Nb5 Qd7 14.Rc1 h6 15.Nh3 dxc4 16.Bxb7
Nxb7 17.bxc4 Rfc8 18.Nf4 Na5 19.Qa4 g5 20.Nd3 a6 21.Nc3 Rxc4 22.Qa3 Rac8
23.Nb4 Qb7 24.Nd3 Qc6 25.Ne2 Qd7 26.Rxc4 Rxc4 27.Qb2 Qc6 28.Nb4 Qb7 29.d5 e5
30.Rd1 Rc5 31.h3 Nc4 32.Qb1 Qc8 33.g4 a5 34.Nc6 Kf7 35.Nc3 fxg4 36.Ne4 gxh3
37.Nxd6+ Nxd6 38.Nxe5+ Ke7 39.Qxb6 Nxd5 40.Qb1 Qe6 41.Qh7+ Nf7 42.f4 gxf4
43.exf4 Nf6 44.Qg7 Rxe5 45.fxe5 Qxe5 46.Rf1 Qg5+ 47.Qxg5 hxg5 48.Kh2 g4 49.Rf5
Ke6 50.Rxa5 Ne5 51.Rb5 Ne4 52.Rb6+ Kf5 53.Rb5 Kf4 54.Kg1 g3 55.Rb2 Nf3+ 56.Kf1
Ned2+ 0-1

[Event "Finland Team Ch"]
[Site "Helsinki FIN"]
[Date "2018.02.04"]
[Round "9"]
[White "Laakso, Harri"]
[Black "Laine, Karri"]
[Result "1/2-1/2"]
[Section "I Division:B"]
[Board "2"]
[WhiteTeam "Etelä-Vantaan Shakki 2"]
[BlackTeam "Lauttasaaren Suomalainen Shakkikerho"]
[WhiteElo "2159"]
[BlackElo "2077"]

1.e4 c6 2.c4 d5 3.cxd5 cxd5 4.exd5 Qxd5 5.Nc3 Qa5 6.d4 Nf6 7.Nf3 g6 8.Qb3 Bg7
9.Bb5+ Nbd7 10.O-O O-O 11.Bg5 a6 12.Bxd7 Bxd7 13.Ne5 Be6 14.Qxb7 Rab8 15.Qxe7
Rfe8 16.Qa3 Qxa3 17.bxa3 Rec8 18.Na4 Rc2 19.Rfc1 Rbc8 20.Nc5 Rxc1+ 21.Rxc1
Bxa2 22.Nxa6 Ra8 23.Ra1 Bb3 24.Rb1 Bc2 25.Rb8+ Rxb8 26.Nxb8 Nd5 27.Bd2 Bf8
28.Nc4 Bb3 29.Ne3 Bxa3 30.Nxd5 Bxd5 31.Nd7 Bc6 32.Nf6+ Kg7 33.Ng4 h5 34.Ne3
Bb2 35.d5 Bd7 36.Nc4 Bd4 37.Be3 Bc3 38.Nb6 Bb5 39.d6 Ba5 40.Nd5 Bc6 41.Bd4+
Kf8 42.Nf6 Bd8 1/2-1/2

[Event "Finland Team Ch"]
[Site "Helsinki FIN"]
[Date "2018.02.04"]
[Round "9"]
[White "Saren, Ilkka"]
[Black "Hallenberg, Sami"]
[Result "1/2-1/2"]
[Section "I Division:B"]
[Board "3"]
[WhiteTeam "Lauttasaaren Suomalainen Shakkikerho"]
[BlackTeam "Etelä-Vantaan Shakki 2"]
[WhiteElo "2072"]
[BlackElo "2125"]

1.e4 c5 2.Nf3 d6 3.d4 cxd4 4.Nxd4 Nf6 5.Nc3 g6 6.Be3 Bg7 7.Be2 Nc6 8.Nb3 O-O
9.O-O Be6 10.f4 Qc8 11.Kh1 Rd8 12.Bf3 Bc4 13.Rf2 b5 14.Rd2 Qe6 15.Nd4 Nxd4
16.Bxd4 b4 17.Nd5 Bxd5 18.exd5 Qf5 19.g3 h5 20.Qe2 Rdc8 21.c3 bxc3 22.Bxc3 Rc7
23.Re1 1/2-1/2

[Event "Finland Team Ch"]
[Site "Helsinki FIN"]
[Date "2018.02.04"]
[Round "9"]
[White "Rajaji Suseenthiram"]
[Black "Heikkinen, Jyrki"]
[Result "1/2-1/2"]
[Section "I Division:B"]
[Board "4"]
[WhiteTeam "Etelä-Vantaan Shakki 2"]
[BlackTeam "Lauttasaaren Suomalainen Shakkikerho"]
[WhiteElo "1982"]
[BlackElo "2050"]

1.Nf3 f5 2.g3 Nf6 3.Bg2 d6 4.d4 e6 5.O-O Be7 6.b3 O-O 7.Nbd2 Qe8 8.Re1 Ne4
9.c4 Na6 10.Ba3 d5 11.Qc1 c6 12.Nf1 Rf6 13.Ne5 Rh6 14.f3 Ng5 15.h4 Nf7 16.Rb1?
Bxa3 17.Qxa3 Nxe5 18.dxe5 f4 19.gxf4 Rxh4 20.e3 Bd7 21.Ng3 c5 22.Rbd1 Bc6?
(22...Qg6 23.Kf2 Nb4) 23.cxd5 exd5 24.Nf5 Rh5 25.Ng3 Rh6 26.Nf5 Rh5 1/2-1/2

[Event "Finland Team Ch"]
[Site "Helsinki FIN"]
[Date "2018.02.04"]
[Round "9"]
[White "Kauppala, Pekka"]
[Black "Taylor, Daryl"]
[Result "1-0"]
[Section "I Division:B"]
[Board "5"]
[WhiteTeam "Lauttasaaren Suomalainen Shakkikerho"]
[BlackTeam "Etelä-Vantaan Shakki 2"]
[WhiteElo "2050"]
[BlackElo "1991"]

1.e4 d6 2.d4 Nf6 3.Nc3 e5 4.dxe5 dxe5 5.Qxd8+ Kxd8 6.Bc4 Ke8 7.Bg5 c6 8.O-O-O
Bb4 9.f4 Nbd7 10.Nf3 Bxc3 11.bxc3 Nxe4? 12.Rhe1 Nxg5 13.Nxg5 f6 14.Nf7 Rf8
15.fxe5 1-0

[Event "Finland Team Ch"]
[Site "Helsinki FIN"]
[Date "2018.02.04"]
[Round "9"]
[White "Patosalmi, Juha"]
[Black "Tuovinen, Jukka"]
[Result "0-1"]
[Section "I Division:B"]
[Board "6"]
[WhiteTeam "Etelä-Vantaan Shakki 2"]
[BlackTeam "Lauttasaaren Suomalainen Shakkikerho"]
[WhiteElo "1961"]
[BlackElo "1993"]

1.e4 e5 2.Nf3 Nc6 3.d4 exd4 4.Nxd4 Bc5 5.Be3 Bb6 6.Nf5 Bxe3 7.Nxe3 d6 8.Nc3
Nf6 9.Qd2 a6 10.Be2 O-O 11.g4 Re8 12.f3 b5 13.O-O-O b4 14.Ncd5 Rb8 15.h4 Nxd5
16.Nxd5 a5 17.Qg5 f6 18.Nxf6+ Qxf6 19.Qd5+ Be6 20.Qxc6 Bxa2 21.b3 a4 22.Bc4+
Kh8 23.Qxa4 Qa1+ 24.Kd2 Qc3+ 25.Ke2 Qxc2+ 26.Ke3 Ra8 27.Qc6 Bxb3 28.Rc1 Qb2
29.Ra1 Qc3+ 30.Kf2 Qxc4 31.Qxa8 Qd4+ 32.Kg2 Qb2+ 33.Kh3 Rxa8 34.Rxa8+ Bg8
35.g5 g6 36.Rh2 Qc3 37.Kg4 Kg7 38.h5 Be6+ 39.Kg3 gxh5 40.Rxh5 Qe1+ 41.Kf4 Qc1+
42.Kg3 b3 43.g6 hxg6 44.Rb5 Kf6 45.Kf2 Qd2+ 46.Kg3 Qe1+ 47.Kf4 g5+ 0-1

[Event "Finland Team Ch"]
[Site "Helsinki FIN"]
[Date "2018.02.04"]
[Round "9"]
[White "Aakio, Seppo"]
[Black "Männistö, Eero"]
[Result "1/2-1/2"]
[Section "I Division:B"]
[Board "7"]
[WhiteTeam "Lauttasaaren Suomalainen Shakkikerho"]
[BlackTeam "Etelä-Vantaan Shakki 2"]
[WhiteElo "1979"]
[BlackElo "1960"]

1.e4 e5 2.Nf3 Nf6 3.Nc3 Nc6 4.d4 exd4 5.Nxd4 Bc5 6.Be3 Nxd4 7.Bxd4 Bxd4 8.Qxd4
d6 9.Bc4 Qe7 10.O-O O-O 11.f4 Be6 12.Rae1 Bxc4 13.Qxc4 c6 14.a4 Qc7 15.Qd4
Rfd8 16.Kh1 d5 17.e5 Nd7 18.b3 1/2-1/2

[Event "Finland Team Ch"]
[Site "Helsinki FIN"]
[Date "2018.02.04"]
[Round "9"]
[White "Hiltunen, Ville"]
[Black "Nyrhinen, Harri"]
[Result "1/2-1/2"]
[Section "I Division:B"]
[Board "8"]
[WhiteTeam "Etelä-Vantaan Shakki 2"]
[BlackTeam "Lauttasaaren Suomalainen Shakkikerho"]
[WhiteElo "1781"]
[BlackElo "1962"]

1.e4 c6 2.d4 d5 3.e5 Bf5 4.Nf3 e6 5.Be2 c5 6.O-O Nc6 7.c3 Qb6 8.Qa4 Rc8 9.Qb5
Qxb5 10.Bxb5 a6 11.Be2 cxd4 12.cxd4 Nb4 13.Na3 Bd3 14.Re1 Bxe2 15.Rxe2 Nxa2
16.Rc2 Rxc2 17.Nxc2 Nb4 18.Nxb4 Bxb4 19.Ra4 a5 20.Bd2 Bxd2 21.Nxd2 Ne7 22.Rxa5
Kd7 23.g3 Rc8 24.Rb5 Rc7 25.Nb3 Kc6 26.Rc5+ Kb6 27.Rxc7 Kxc7 28.Kf1 Nc6 29.Ke2
Kb6 30.Kd3 Kb5 31.Kc3 b6 32.h3 h6 33.Nd2 f6 34.f4 f5 35.Nb3 Ne7 36.Nd2 Nc6
37.Nb3 Ne7 38.Nd2 Nc6 39.Nb3 Ne7 1/2-1/2

[Event "Finland Team Ch"]
[Site "Tampere FIN"]
[Date "2018.03.10"]
[Round "6"]
[White "Tuovinen, Jukka"]
[Black "Haapanen, Aapo"]
[Result "1-0"]
[Section "II Division:2"]
[Board "1"]
[WhiteTeam "Lauttasaaren Suomalainen Shakkikerho 2"]
[BlackTeam "Shakkikerho Moukat"]
[WhiteElo "1999"]
[BlackElo "1975"]

1.e4 c5 2.c3 e6 3.d4 d5 4.exd5 exd5 5.Be3 cxd4 6.Bxd4 Nc6 7.Bb5 Nf6 8.Qe2+ Qe7
9.Bxf6 gxf6 10.Qxe7+ Bxe7 11.Ne2 O-O 12.O-O Bf5 13.Re1 Bc5 14.Nf4 d4 15.Bd3
Rae8 16.Rxe8 Rxe8 17.Kf1 Bc8 18.Nh5 Be7 19.cxd4 Nxd4 20.Nc3 Bg4 21.Ng3 Bd8
22.h3 Bc8 23.Rd1 f5 24.Nb5 Nxb5 25.Bxb5 Rf8 26.Bd7 Bb6 27.Nxf5 Bxd7 28.Rxd7
Rd8 29.Rxb7 f6 30.Nh6+ Kf8 31.Rf7+ Ke8 32.Rxf6 Rd2 33.g3 Rxb2 34.Re6+ Kd7
35.Re2 Rb5 36.Ng4 Kd6 37.Kg2 Rb4 38.Nf6 h6 39.g4 Bd4 40.Ne4+ Kd5 41.Ng3 Bf6
42.Nf5 Bg5 43.f3 Bf4 44.h4 a5 45.Ne7+ Kd6 46.Ng6 Bc1 47.Rc2 Be3 48.Kg3 a4
49.Rc3 Bd4 50.Rd3 Kc5 51.g5 hxg5 52.hxg5 Kc4 53.Rd1 a3 54.f4 Rb2 55.Ne5+ Bxe5
56.fxe5 Rxa2 57.g6 Rb2 58.e6 Rb8 59.e7 Re8 60.g7 a2 61.Kf4 Kb3 62.Kf5 1-0

[Event "Finland Team Ch"]
[Site "Tampere FIN"]
[Date "2018.03.10"]
[Round "6"]
[White "Mäki-Fränti, Petri"]
[Black "Aakio, Seppo"]
[Result "0-1"]
[Section "II Division:2"]
[Board "2"]
[WhiteTeam "Shakkikerho Moukat"]
[BlackTeam "Lauttasaaren Suomalainen Shakkikerho 2"]
[WhiteElo "1894"]
[BlackElo "1991"]

1.d4 d6 2.e4 Nf6 3.Nc3 c6 4.a4 Nbd7 5.Nf3 e5 6.Be2 Be7 7.O-O O-O 8.h3 Re8
9.Qd3 a5 10.Be3 Qc7 11.Rad1 b6 12.Qd2 Bb7 13.dxe5 dxe5 14.Bc4 Nc5 15.Bxc5 Bxc5
16.Qg5 h6 17.Qg3 Kh7 18.Rd3 Bc8 19.Rfd1 g6 20.Qh4 Kg7 21.g4 Qe7 22.Qg3 Bb4
23.Nd2 Qc5 24.Bb3 Ba6 25.Re3 Rad8 26.Qf3 Rd4 27.Nf1 Qe7 28.Ng3 Red8 29.Ree1
R8d7 30.Kg2 Nh7 31.h4 Qxh4 32.Rh1 Qf6 33.Qxf6+ Nxf6 34.Rxd4 exd4 0-1

[Event "Finland Team Ch"]
[Site "Tampere FIN"]
[Date "2018.03.10"]
[Round "6"]
[White "Nyrhinen, Harri"]
[Black "Helanti, Jaakko"]
[Result "1-0"]
[Section "II Division:2"]
[Board "3"]
[WhiteTeam "Lauttasaaren Suomalainen Shakkikerho 2"]
[BlackTeam "Shakkikerho Moukat"]
[WhiteElo "1970"]
[BlackElo "1863"]

1.e4 e6 2.d4 d5 3.e5 c5 4.c3 Nc6 5.Nf3 Bd7 6.a3 Nge7 7.b4 cxd4 8.cxd4 b5 9.Nc3
a6 10.Bd3 Ng6 11.Be3 f6 12.Qc2 Kf7 13.h4 Be7 14.h5 Nf8 15.Rh3 Rc8 16.Rc1 a5
17.Qb2 axb4 18.axb4 Nxb4 19.Be2 Qa5 20.Bd2 Qb6 21.Ra1 h6 22.Rg3 Nh7 23.Qb1 f5
24.Kf1 Ng5 25.Nxg5+ hxg5 26.Bxg5 Qxd4 27.Bxe7 Kxe7 28.Nxb5 Rh7 29.Nxd4 1-0

[Event "Finland Team Ch"]
[Site "Tampere FIN"]
[Date "2018.03.10"]
[Round "6"]
[White "Kosonen, Eetu"]
[Black "Kivinen, Jyrki"]
[Result "0-1"]
[Section "II Division:2"]
[Board "4"]
[WhiteTeam "Shakkikerho Moukat"]
[BlackTeam "Lauttasaaren Suomalainen Shakkikerho 2"]
[WhiteElo "1772"]
[BlackElo "2009"]

1.e4 c5 2.Nc3 Nc6 3.g3 g6 4.Bg2 Bg7 5.d3 e6 6.f4 d6 7.Nf3 Nge7 8.Be3 f5 9.O-O
O-O 10.a3 Rb8 11.Rb1 b5 12.e5 dxe5 13.Bxc5 exf4 14.gxf4 Qc7 15.Re1 Qxf4 16.Ne2
Qc7 17.Ng3 Re8 18.Ng5 Nd4 19.b4 h6 20.c3 hxg5 21.cxd4 Qd7 22.Qb3 0-1

[Event "Finland Team Ch"]
[Site "Tampere FIN"]
[Date "2018.03.10"]
[Round "6"]
[White "Sobenin, Evgeny"]
[Black "Haapanen, Ilmari"]
[Result "1-0"]
[Section "II Division:2"]
[Board "5"]
[WhiteTeam "Lauttasaaren Suomalainen Shakkikerho 2"]
[BlackTeam "Shakkikerho Moukat"]
[WhiteElo "1966"]
[BlackElo "1729"]

1.d4 d6 2.c4 Nf6 3.Nc3 Bf5 4.Nf3 Nbd7 5.g3 Nb6 6.Bg2 c6 7.b3 Qd7 8.O-O Bh3
9.Re1 Bxg2 10.Kxg2 g6 11.e4 Bg7 12.h3 h5 13.Bf4 O-O 14.Qd2 Rfe8 15.Bh6 Bh8
16.Qf4 Nh7 17.e5 dxe5 18.Nxe5 Bxe5 19.dxe5 Qf5 20.Qxf5 gxf5 21.Rad1 Rad8
22.Be3 f6 23.e6 Nc8 24.Rd7 b6 25.Red1 Nd6 26.Rxa7 Nf8 27.Bxb6 Ra8 28.Rxa8 Rxa8
29.Bc5 Rd8 30.Bxd6 1-0